Financial accounting I: student's manual

Salvato in:
Dettagli Bibliografici
Autore principale: Lyanga, J. M.
Natura: Libro
Pubblicazione: Dar es salaam: NBBA, 2000.
Soggetti:
Tags: Aggiungi Tag
Nessun Tag, puoi essere il primo ad aggiungerne!!

MARC

LEADER 00000nam a2200000 4500
020 |a 9976780052  |c NA 
040 |a MUL  |b eng.  |e AACR 
082 |a 657 LYA 
100 |a Lyanga, J. M. 
245 |a Financial accounting I:  |b student's manual  |c / J. M. Lyanga and M. Tulli 
260 |a Dar es salaam:  |b NBBA,  |c 2000. 
300 |a xii,164 p. :  |b ill. ;  |c 30 cm. 
504 |a Includes bibliographic reference 
546 |a eng. 
650 |a Accounting 
942 |c BK 
999 |c 3856  |d 3856